<?xml version="1.0" encoding="UTF-8"?>
<record
    xmlns:xsi="http://www.w3.org/2001/XMLSchema-instance"
    xsi:schemaLocation="http://www.loc.gov/MARC21/slim http://www.loc.gov/standards/marcxml/schema/MARC21slim.xsd"
    xmlns="http://www.loc.gov/MARC21/slim">

  <leader>00574nam a22001817a 4500</leader>
  <controlfield tag="003">NUST - PNEC</controlfield>
  <controlfield tag="005">20170116180808.0</controlfield>
  <controlfield tag="008">150424b        xxu||||| |||| 00| 0 eng d</controlfield>
  <datafield tag="020" ind1=" " ind2=" ">
    <subfield code="a">9780023442070</subfield>
  </datafield>
  <datafield tag="040" ind1=" " ind2=" ">
    <subfield code="c">LIBRARY</subfield>
  </datafield>
  <datafield tag="082" ind1=" " ind2=" ">
    <subfield code="a">363.11 GOE</subfield>
  </datafield>
  <datafield tag="100" ind1=" " ind2=" ">
    <subfield code="9">3181</subfield>
    <subfield code="a">Goetsch, David L.</subfield>
  </datafield>
  <datafield tag="245" ind1=" " ind2=" ">
    <subfield code="a">Industrial safety and health in the age of high technology : for technologists, engineers, and managers</subfield>
    <subfield code="c">David L. Goetsch</subfield>
  </datafield>
  <datafield tag="260" ind1=" " ind2=" ">
    <subfield code="a">New York</subfield>
    <subfield code="b">Macmillan Publishing Company</subfield>
    <subfield code="c">c1993.</subfield>
  </datafield>
  <datafield tag="300" ind1=" " ind2=" ">
    <subfield code="a">563 p. :</subfield>
  </datafield>
  <datafield tag="650" ind1=" " ind2=" ">
    <subfield code="9">3183</subfield>
    <subfield code="a">United States</subfield>
    <subfield code="x">BS/MIS</subfield>
  </datafield>
  <datafield tag="942" ind1=" " ind2=" ">
    <subfield code="2">ddc</subfield>
    <subfield code="c">BK</subfield>
  </datafield>
  <datafield tag="999" ind1=" " ind2=" ">
    <subfield code="c">63288</subfield>
    <subfield code="d">63288</subfield>
  </datafield>
  <datafield tag="952" ind1=" " ind2=" ">
    <subfield code="0">0</subfield>
    <subfield code="1">0</subfield>
    <subfield code="2">ddc</subfield>
    <subfield code="4">0</subfield>
    <subfield code="7">0</subfield>
    <subfield code="a">PNEC</subfield>
    <subfield code="b">PNEC</subfield>
    <subfield code="c">WING-A</subfield>
    <subfield code="d">1999-01-06</subfield>
    <subfield code="e">Abrar &amp; Sons</subfield>
    <subfield code="g">1716.00</subfield>
    <subfield code="l">0</subfield>
    <subfield code="o">363.11 GOE</subfield>
    <subfield code="p">PNECLIB-020321</subfield>
    <subfield code="r">2015-04-24</subfield>
    <subfield code="v">1716.00</subfield>
    <subfield code="w">1999-01-06</subfield>
    <subfield code="y">BK</subfield>
  </datafield>
  <datafield tag="952" ind1=" " ind2=" ">
    <subfield code="0">0</subfield>
    <subfield code="1">0</subfield>
    <subfield code="2">ddc</subfield>
    <subfield code="4">0</subfield>
    <subfield code="7">0</subfield>
    <subfield code="a">PNEC</subfield>
    <subfield code="b">PNEC</subfield>
    <subfield code="c">WING-A</subfield>
    <subfield code="d">2000-09-07</subfield>
    <subfield code="e">Abrar &amp; Sons</subfield>
    <subfield code="g">1772.00</subfield>
    <subfield code="l">0</subfield>
    <subfield code="o">363.11 GOE</subfield>
    <subfield code="p">PNECLIB-022595</subfield>
    <subfield code="r">2015-04-24</subfield>
    <subfield code="v">1772.00</subfield>
    <subfield code="w">2000-09-07</subfield>
    <subfield code="y">BK</subfield>
  </datafield>
</record>
